[Event "Titled Tue 20th May Early"]
[Site "chess.com INT"]
[Date "2025.05.20"]
[Round "5"]
[White "Srihari, L"]
[Black "Gholami Orimi, Mahdi"]
[Result "0-1"]
[WhiteTitle "IM"]
[BlackTitle "GM"]
[WhiteElo "2353"]
[BlackElo "2511"]
[WhiteFideId "46642056"]
[BlackFideId "12558486"]
[EventDate "2025.05.20"]

1. c4 f5 2. Nc3 Nf6 3. Nf3 g6 4. d4 Bg7 5. g3 O-O 6. Bg2 d6 7. O-O c6 8. Ne1 e5
9. dxe5 dxe5 10. Nd3 Qe7 11. a4 a5 12. b3 Rd8 13. Ba3 Qe8 14. Qc2 e4 15. Nf4 Na6
16. Rad1 Nb4 17. Qc1 g5 18. Nh3 h6 19. Rxd8 Qxd8 20. Rd1 Qe7 21. Qd2 Be6 22. f3
Qc5+ 23. Kh1 e3 24. Qc1 Re8 25. Ng1 f4 26. g4 h5 27. h3 Kf7 28. Qb1 Rh8 29. Ne4
Nxe4 30. Qxe4 h4 31. Bc1 Qe5 32. Qb1 Qc3 33. Ba3 Qc2 34. Bxb4 Qxb1 35. Rxb1 axb4
36. Bf1 Rd8 37. Bg2 Rd2 38. Rf1 Bb2 39. Kh2 Kf6 40. Bh1 Ke5 41. Kg2 c5 42. Kh2
b6 43. Bg2 Kd4 44. Rb1 Kc3 45. Bf1 Kxb3 46. Kg2 Kxa4 0-1

[Event "Titled Tue 20th May Early"]
[Site "chess.com INT"]
[Date "2025.05.20"]
[Round "5"]
[White "Nugumanov, Bakhtiyar"]
[Black "Rozman, Levy"]
[Result "1/2-1/2"]
[WhiteTitle "IM"]
[BlackTitle "IM"]
[WhiteElo "2305"]
[BlackElo "2324"]
[WhiteFideId "13701797"]
[BlackFideId "2039877"]
[EventDate "2025.05.20"]

1. e3 b6 2. Nf3 Bb7 3. d4 f5 4. Bd3 e6 5. O-O Nf6 6. Re1 Bd6 7. Ne5 Bxe5 8. dxe5
Ng4 9. f3 Nxe5 10. Nc3 O-O 11. Bd2 Qh4 12. Qe2 Nbc6 13. Rad1 a6 14. a3 b5 15.
Qf2 Qxf2+ 16. Kxf2 Nxd3+ 17. cxd3 Kf7 18. e4 Rfe8 19. exf5 exf5 20. Nd5 Ne5 21.
Nxc7 Nxd3+ 22. Kf1 Nxe1 23. Nxa8 Nxf3 24. Bf4 Nxh2+ 25. Bxh2 Bxa8 26. Rxd7+ Re7
27. Rd8 Be4 28. Bd6 Re8 29. Rxe8 Kxe8 30. Kf2 Kd7 31. Bf8 g6 32. g3 Ke6 33. Ke3
Kd5 34. Kf4 Kd4 35. g4 fxg4 36. Kxg4 h5+ 37. Kg5 Ke3 38. Be7 Kf3 39. Kh4 Kf4 40.
Bg5+ 1/2-1/2

[Event "Titled Tue 20th May Early"]
[Site "chess.com INT"]
[Date "2025.05.20"]
[Round "5"]
[White "Begmuratov, Alisher"]
[Black "Shimanov, Aleksandr"]
[Result "0-1"]
[WhiteTitle "FM"]
[BlackTitle "GM"]
[WhiteElo "2395"]
[BlackElo "2578"]
[WhiteFideId "14203367"]
[BlackFideId "4198603"]
[EventDate "2025.05.20"]

1. e4 c6 2. Nf3 d5 3. Nc3 Bg4 4. h3 Bxf3 5. Qxf3 e6 6. Be2 d4 7. Nb1 Bd6 8. d3
Nd7 9. h4 h5 10. Qh3 Ne7 11. g3 c5 12. Nd2 e5 13. O-O b5 14. a4 a6 15. f4 Nc6
16. Nf3 bxa4 17. Rxa4 Qe7 18. Ng5 Nf6 19. Bd1 O-O 20. f5 Rfb8 21. b3 a5 22. Rf2
Nb4 23. g4 hxg4 24. Bxg4 Kf8 25. Rg2 Ke8 26. Bd1 Qc7 27. Nf3 Bf8 28. Qh2 Nc6 29.
h5 Ra6 30. h6 gxh6 31. Bxh6 Bxh6 32. Qxh6 Ke7 33. Qh4 Raa8 34. Rc4 Rh8 35. Qe1
Qd6 36. Be2 Rag8 37. Bf1 Ng4 38. Ra4 Ne3 39. Rxg8 Rxg8+ 40. Kf2 Qh6 41. Rxa5
Nxc2 42. f6+ Kd6 43. Qe2 Qe3+ 0-1

[Event "Titled Tue 20th May Early"]
[Site "chess.com INT"]
[Date "2025.05.20"]
[Round "5"]
[White "Potawad, Anirudhha"]
[Black "Ebrahimi Herab, Hamidreza"]
[Result "0-1"]
[WhiteTitle "FM"]
[BlackTitle "FM"]
[WhiteElo "2288"]
[BlackElo "2404"]
[WhiteFideId "45081506"]
[BlackFideId "22512888"]
[EventDate "2025.05.20"]

1. c4 Nf6 2. g3 g6 3. Bg2 d5 4. cxd5 Nxd5 5. Nc3 Nb6 6. Nf3 Bg7 7. O-O O-O 8. d4
Nc6 9. d5 Nb4 10. e4 c6 11. a3 Na6 12. Bg5 h6 13. Be3 Nc4 14. Bd4 e5 15. dxe6
Bxe6 16. Bxg7 Kxg7 17. Qe2 Qe7 18. Rad1 Rfd8 19. Nd4 Ne5 20. Rfe1 Bc4 21. Qe3
Nd3 22. Re2 Qc5 23. Nc2 Nxb2 24. Rxd8 Rxd8 25. Re1 Qxe3 26. Nxe3 Nd3 27. Rb1 b5
28. Nxc4 bxc4 29. Rb7 Ndc5 30. Rxa7 Rd3 31. Ne2 c3 32. Nxc3 Rxc3 33. a4 Ra3 34.
h4 Rxa4 35. e5 Nb4 36. Rc7 Ne6 37. Rb7 c5 38. Bh3 Kf8 39. Rb8+ Ke7 40. Rb7+ Ke8
41. Rb8+ Nd8 42. Bf1 Ra1 43. Kg2 Nc6 44. Rb2 Re1 45. f4 Ke7 46. Rc2 Nb7 47. Bc4
Nd4 48. Rb2 Na5 49. Bd5 c4 50. Ra2 c3 51. Rxa5 c2 52. Ra7+ Kd8 53. Ra8+ Kc7 54.
Ra7+ Kb6 55. Rb7+ Kc5 56. Rxf7 Kxd5 57. Rc7 Nc6 58. Rd7+ Kc5 59. Rd1 cxd1=Q 0-1

[Event "Titled Tue 20th May Early"]
[Site "chess.com INT"]
[Date "2025.05.20"]
[Round "5"]
[White "Iunusov, Nuriddin"]
[Black "Cattaneo, Marco"]
[Result "0-1"]
[WhiteTitle "CM"]
[BlackTitle "FM"]
[WhiteElo "1953"]
[BlackElo "2291"]
[WhiteFideId "13803026"]
[BlackFideId "878332"]
[EventDate "2025.05.20"]

1. e4 Nf6 2. e5 Nd5 3. c4 Nb6 4. d4 d6 5. Nf3 Bg4 6. exd6 cxd6 7. Nc3 g6 8. h3
Bxf3 9. Qxf3 Nc6 10. Be3 Bg7 11. Rd1 O-O 12. Be2 e6 13. O-O d5 14. c5 Nc8 15. b4
a6 16. Rd2 N8e7 17. a3 Nf5 18. Rfd1 h5 19. g3 h4 20. g4 Nxe3 21. Qxe3 g5 22. Bf1
Qf6 23. Bg2 Rae8 24. Qd3 Qf4 25. Ne2 Qc7 26. Rb1 f5 27. f3 Kh8 28. a4 Qe7 29. b5
axb5 30. axb5 Na5 31. Rc2 Nc4 32. Rxc4 dxc4 33. Qxc4 Rc8 34. c6 bxc6 35. bxc6
Qd6 36. Rc1 Rc7 37. gxf5 Rxf5 38. Qa6 Rf8 39. Rc5 Bxd4+ 0-1

[Event "Titled Tue 20th May Early"]
[Site "chess.com INT"]
[Date "2025.05.20"]
[Round "5"]
[White "Zaksaite, Salomeja"]
[Black "Badacsonyi, Stanley"]
[Result "0-1"]
[WhiteTitle "WGM"]
[BlackTitle "FM"]
[WhiteElo "2119"]
[BlackElo "2289"]
[WhiteFideId "12801496"]
[BlackFideId "486973"]
[EventDate "2025.05.20"]

1. d4 Nf6 2. Nf3 g6 3. e3 Bg7 4. Be2 d6 5. b3 O-O 6. Bb2 Nbd7 7. c4 Qe8 8. O-O
b6 9. Nc3 e5 10. dxe5 Nxe5 11. Nxe5 Qxe5 12. Bf3 Rb8 13. Qd2 Qg5 14. Nb5 Bb7 15.
Bxb7 Rxb7 16. f3 a6 17. Na3 Re8 18. Rfe1 d5 19. cxd5 Qxd5 20. Qxd5 Nxd5 21. Bxg7
Kxg7 22. Nc2 c5 23. e4 Nf6 24. Rad1 Ree7 25. Rd6 Ne8 26. Rd8 Rbd7 27. Rd1 Rxd1+
28. Rxd1 f5 29. exf5 Re2 30. Rc1 gxf5 31. Kf1 Rd2 32. a4 Nf6 33. Ne3 Kg6 34. Nc4
Ra2 35. Nxb6 Rb2 36. Rc3 f4 37. a5 Rb1+ 38. Kf2 Rb2+ 39. Kf1 Ra2 40. Nc4 Kf5 41.
Nd6+ Ke5 42. Nb7 Nd5 43. Rxc5 Kd4 44. Rc4+ Ke5 45. Re4+ Kf6 46. h4 Ne3+ 47. Ke1
Nxg2+ 48. Kd1 Rf2 49. Nc5 Rxf3 50. Nxa6 Rxb3 51. Nc5 Ra3 52. a6 Ra5 53. Nd7+ Kf7
54. Re5 Rxa6 55. Rf5+ Ke7 56. Nc5 Ra2 0-1

[Event "Titled Tue 20th May Early"]
[Site "chess.com INT"]
[Date "2025.05.20"]
[Round "5"]
[White "Erece, Ece Alkim"]
[Black "Gonzalez Vega, Alejandro"]
[Result "1-0"]
[WhiteTitle "WCM"]
[BlackTitle "FM"]
[WhiteElo "1843"]
[BlackElo "2092"]
[WhiteFideId "6346006"]
[BlackFideId "3510042"]
[EventDate "2025.05.20"]

1. e4 c5 2. Nf3 a6 3. c3 Nf6 4. e5 Nd5 5. d4 cxd4 6. cxd4 e6 7. Bd3 d6 8. O-O
Nd7 9. Bd2 h6 10. Nc3 Nxc3 11. Bxc3 Be7 12. Rc1 b5 13. Qe2 Bb7 14. Rfe1 Nb6 15.
Ba5 Rb8 16. a4 bxa4 17. Bxa6 O-O 18. Bxb7 Rxb7 19. Qa6 Qa8 20. Qxa8 Rxa8 21.
Bxb6 Rxb6 22. Re2 Rab8 23. h3 Rxb2 24. Rxb2 Rxb2 25. Ra1 dxe5 26. Rxa4 exd4 27.
Rxd4 Bf6 28. Rd2 Rb1+ 29. Kh2 g5 30. Re2 Kg7 31. g3 Rb5 32. Kg2 Rd5 33. Re4 Kg6
34. g4 Bc3 35. Re3 Bb2 36. Re2 Bg7 37. Re4 e5 38. Rc4 f6 39. Rc6 Bf8 40. Rc8 Bc5
41. h4 Rd2 42. Rxc5 e4 43. Nxd2 1-0

[Event "Titled Tue 20th May Early"]
[Site "chess.com INT"]
[Date "2025.05.20"]
[Round "5"]
[White "Bardyk, Artem"]
[Black "Guerra Tulcan, Lenin"]
[Result "1-0"]
[WhiteTitle "FM"]
[BlackTitle "IM"]
[WhiteElo "2284"]
[BlackElo "2310"]
[WhiteFideId "34349979"]
[BlackFideId "3601382"]
[EventDate "2025.05.20"]

1. e4 c5 2. Nf3 e6 3. g3 b6 4. d4 cxd4 5. Nxd4 Bb7 6. Bg2 a6 7. O-O d6 8. Nc3
Nd7 9. Re1 Be7 10. a4 Qc7 11. Qh5 Kf8 12. Qe2 Bf6 13. Rd1 Ne7 14. Be3 Ne5 15.
Bf4 g5 16. Be3 h5 17. a5 bxa5 18. Nb3 Nc4 19. Bd4 Bxd4 20. Rxd4 Nxb2 21. Qd2 Rc8
22. Nd1 Nxd1 23. Rxd1 Qxc2 24. Qe3 Rc3 25. Qxg5 Qxb3 26. Rxd6 Qxd1+ 27. Rxd1 Rc8
28. Qxa5 Kg7 29. Rd7 Rc1+ 30. Bf1 Ng6 31. Rxb7 h4 32. Qb6 Re1 33. Qxe6 Rf8 34.
Qd6 hxg3 35. hxg3 Rc8 36. Qd4+ 1-0

[Event "Titled Tue 20th May Early"]
[Site "chess.com INT"]
[Date "2025.05.20"]
[Round "5"]
[White "Wanyama, Harold"]
[Black "Jedryczka, Krystian"]
[Result "1-0"]
[WhiteTitle "FM"]
[WhiteElo "2132"]
[BlackElo "2084"]
[WhiteFideId "10000380"]
[BlackFideId "1109472"]
[EventDate "2025.05.20"]

1. d4 f5 2. c4 Nf6 3. g3 d6 4. Bg2 h6 5. Nf3 g5 6. d5 c5 7. dxc6 Nxc6 8. Nc3 Bg7
9. h4 g4 10. Nd4 Ne5 11. Bf4 O-O 12. Nd5 Ne4 13. Rc1 Qa5+ 14. b4 Qxa2 15. Nxe7+
Kh7 16. Nexf5 Nxf2 17. Kxf2 Bxf5 18. Nxf5 Ng6 19. Qd3 Rxf5 20. Qxf5 Rf8 21. Qd3
Be5 22. h5 Kh8 23. hxg6 Bxf4 24. gxf4 Rxf4+ 25. Kg3 Qb2 26. Rxh6+ Kg8 27. Qd5+
Kg7 28. Rh7+ Kxg6 29. Kxf4 Qxc1+ 30. Kxg4 Kxh7 31. Qf7+ Kh6 32. Qf4+ Qxf4+ 33.
Kxf4 Kg6 34. Bxb7 Kf6 35. e4 Ke6 36. b5 Kd7 37. Kf5 Kc7 38. Bd5 Kb6 39. Ke6 Kc5
40. Ke7 Kb6 41. Kxd6 a5 42. bxa6 Kxa6 43. e5 1-0

[Event "Titled Tue 20th May Early"]
[Site "chess.com INT"]
[Date "2025.05.20"]
[Round "5"]
[White "Le, Tuan Minh"]
[Black "Korchynskyi, Mykola"]
[Result "1-0"]
[WhiteTitle "GM"]
[BlackTitle "FM"]
[WhiteElo "2598"]
[BlackElo "2325"]
[WhiteFideId "12401153"]
[BlackFideId "34138005"]
[EventDate "2025.05.20"]

1. d4 Nf6 2. Nf3 d5 3. Bf4 e6 4. e3 Bd6 5. Nbd2 O-O 6. c3 c5 7. Bd3 Qc7 8. Bxd6
Qxd6 9. Ne5 b6 10. Qe2 Bb7 11. f4 Nbd7 12. Rd1 Rad8 13. O-O Qe7 14. Qf3 Rfe8 15.
g4 Ne4 16. Nxe4 dxe4 17. Bxe4 Bxe4 18. Qxe4 Nxe5 19. fxe5 cxd4 20. exd4 Rd5 21.
Rd3 b5 22. Rh3 h6 23. Kh1 b4 24. Rg1 Qg5 25. Rf3 bxc3 26. bxc3 Rb8 27. Rgf1 Rd7
28. R1f2 a5 29. Kg2 a4 30. Kg3 a3 31. Qc6 Rdb7 32. Qd6 Rc8 33. Qxa3 h5 34. h3
h4+ 35. Kg2 Qg6 36. Qc1 Rb1 37. Qc2 Qxc2 38. Rxc2 Rc4 39. g5 Kf8 40. Rd3 Ke7 41.
Kf3 g6 42. Kg4 Rg1+ 43. Kf4 Rc8 44. Rf3 Rc4 45. Ke4 Rd1 46. Rcf2 Re1+ 47. Kd3
Rc8 48. Rxf7+ 1-0

[Event "Titled Tue 20th May Early"]
[Site "chess.com INT"]
[Date "2025.05.20"]
[Round "5"]
[White "Priasmoro, Novendra"]
[Black "Shymanskyi, Oleksandr"]
[Result "1-0"]
[WhiteTitle "GM"]
[BlackTitle "FM"]
[WhiteElo "2437"]
[BlackElo "2218"]
[WhiteFideId "7105029"]
[BlackFideId "14168880"]
[EventDate "2025.05.20"]

1. d4 d5 2. Nf3 e6 3. Bf4 c5 4. e3 Bd6 5. dxc5 Bxf4 6. exf4 Qa5+ 7. Nbd2 Qxc5 8.
Bd3 Ne7 9. O-O Nbc6 10. c3 g6 11. Nb3 Qd6 12. g3 O-O 13. Re1 b6 14. Ne5 Kg7 15.
h4 h5 16. Bc2 Ba6 17. Nd4 Rac8 18. Qd2 Nxd4 19. Qxd4 Qc5 20. Qd2 Rfd8 21. f5
Nxf5 22. Bxf5 exf5 23. Nf3 d4 24. Nxd4 Bb7 25. Qf4 Qd5 26. Qe5+ Qxe5 27. Rxe5
Re8 28. Rae1 Rxe5 29. Rxe5 Kf6 30. f4 Be4 31. Kf2 a6 32. Ke3 Bb1 33. a4 Be4 34.
a5 b5 35. Nb3 b4 36. Nc5 bxc3 37. bxc3 Rc6 38. c4 Bg2 39. Nd7+ Kg7 40. Nb6 Kf8
41. Kd4 Rd6+ 42. Nd5 Rd8 43. Re2 Bf3 44. Rb2 Re8 45. Rb6 Re4+ 46. Kc3 Be2 47.
Rc6 Kg7 48. Rc7 Kf8 49. Nf6 Re3+ 50. Kd2 Re6 51. Rc8+ Kg7 52. Ne8+ Kh7 53. c5
Bb5 54. Nd6 Re2+ 55. Kd1 Rb2 56. c6 1-0

[Event "Titled Tue 20th May Early"]
[Site "chess.com INT"]
[Date "2025.05.20"]
[Round "5"]
[White "Stichter, Constantin Paul"]
[Black "Vingris, Mikelis"]
[Result "1-0"]
[WhiteElo "2209"]
[BlackElo "2102"]
[WhiteFideId "34603140"]
[BlackFideId "11611731"]
[EventDate "2025.05.20"]

1. e4 c5 2. Nc3 Nc6 3. f4 g6 4. Nf3 Bg7 5. Bb5 d6 6. O-O e6 7. Qe1 Ne7 8. d3 a6
9. Bxc6+ Nxc6 10. Qg3 Nd4 11. Nxd4 Bxd4+ 12. Be3 Bxe3+ 13. Qxe3 Qe7 14. e5 d5
15. Qf2 Bd7 16. a4 Bc6 17. d4 O-O-O 18. Ne2 cxd4 19. Nxd4 Qc5 20. Ra3 Kd7 21.
Rc3 Qb6 22. a5 Qxa5 23. Nxc6 bxc6 24. Qa7+ Qc7 25. Qxa6 Ra8 26. Qd3 Rhb8 27. Qh3
h5 28. Qh4 Rxb2 29. Qf6 Rf8 30. h3 Ra2 31. Rb1 Qa7+ 32. Kh2 Ra1 33. Rb2 Ra6 34.
Rcb3 Rc8 35. Qxf7+ Kd8 36. Qf8+ Kd7 37. Rb7+ Rc7 38. Rxa7 Rcxa7 39. Qd6+ Ke8 40.
Rb8+ Kf7 41. Qf8# 1-0

[Event "Titled Tue 20th May Early"]
[Site "chess.com INT"]
[Date "2025.05.20"]
[Round "5"]
[White "Peil, Christoph"]
[Black "Shafer, Logan C"]
[Result "1-0"]
[WhiteTitle "FM"]
[BlackTitle "CM"]
[WhiteElo "2270"]
[BlackElo "2291"]
[WhiteFideId "24651800"]
[BlackFideId "30993342"]
[EventDate "2025.05.20"]

1. e4 c5 2. Nf3 Nc6 3. Bb5 g6 4. O-O Bg7 5. c3 Nf6 6. Re1 O-O 7. h3 d5 8. e5 Nd7
9. d4 a6 10. Bf1 cxd4 11. cxd4 Nb6 12. Nc3 h5 13. Bg5 Bf5 14. b3 f6 15. Bf4 Rc8
16. Nh4 fxe5 17. dxe5 Nxe5 18. Nxd5 Nf3+ 19. Nxf3 Nxd5 20. Be5 Nc3 21. Qxd8
Rcxd8 22. Bxg7 Kxg7 23. Rxe7+ Kh6 24. h4 Ne4 25. Re1 Rde8 26. Rxb7 Bg4 27. Rxe4
Bxf3 28. Rxe8 Rxe8 29. gxf3 a5 30. Bd3 a4 31. bxa4 Re1+ 32. Kg2 Rd1 33. Be4 Rd2
34. Rb6 Rxa2 35. Rxg6+ Kh7 36. a5 Kh8 37. a6 Ra3 38. Rb6 Kg7 39. Rb7+ Kh6 40.
Rb6+ Kg7 41. Rb7+ Kh8 42. Ra7 Ra2 43. Ra8+ Kg7 44. a7 Kh6 45. Rh8+ Kg7 46. a8=Q
Rb2 47. Qf8# 1-0

[Event "Titled Tue 20th May Early"]
[Site "chess.com INT"]
[Date "2025.05.20"]
[Round "5"]
[White "Bok, Benjamin"]
[Black "Kosakowski, Jakub"]
[Result "1-0"]
[WhiteTitle "GM"]
[BlackTitle "GM"]
[WhiteElo "2591"]
[BlackElo "2530"]
[WhiteFideId "1017063"]
[BlackFideId "1185080"]
[EventDate "2025.05.20"]

1. d4 f5 2. g3 Nf6 3. Bg2 g6 4. Nf3 Bg7 5. O-O O-O 6. c4 d6 7. Nc3 Qe8 8. b3 e5
9. dxe5 dxe5 10. e4 Nxe4 11. Nxe4 fxe4 12. Ng5 h6 13. Nxe4 Nc6 14. Bb2 Bf5 15.
Nc5 Rb8 16. Nxb7 Nd4 17. Nc5 Rd8 18. Bd5+ Kh7 19. Bxd4 c6 20. Nb7 cxd5 21. Bc5
Rd7 22. Nd6 Qb8 23. Nxf5 Rxf5 24. cxd5 e4 25. Qg4 Bxa1 26. Rxa1 Rdxd5 27. Be3
Qe8 28. Rc1 Rf7 29. Rc4 Qd7 30. Qxe4 Re7 31. Qc2 Rd1+ 32. Kg2 Qd5+ 33. Kh3 Rh1
34. Rh4 Qe6+ 35. Kg2 Qd5+ 36. Kh3 Qe6+ 37. g4 Qd5 38. Rxh6+ Kg8 39. Qxg6+ 1-0

[Event "Titled Tue 20th May Early"]
[Site "chess.com INT"]
[Date "2025.05.20"]
[Round "5"]
[White "Rustemov, Alexander"]
[Black "Bukreev, Stanislav"]
[Result "1/2-1/2"]
[WhiteTitle "GM"]
[BlackTitle "FM"]
[WhiteElo "2525"]
[BlackElo "2328"]
[WhiteFideId "4119002"]
[BlackFideId "34252347"]
[EventDate "2025.05.20"]

1. d4 e6 2. c4 Nf6 3. Nf3 d5 4. cxd5 exd5 5. Nc3 c6 6. Bf4 Bf5 7. e3 Be7 8. Nh4
Bg4 9. Be2 Bxe2 10. Qxe2 O-O 11. Nf3 Nbd7 12. h3 Re8 13. O-O Nf8 14. Qc2 Bd6 15.
Bxd6 Qxd6 16. Rab1 a5 17. a3 N8d7 18. Rfc1 b5 19. a4 b4 20. Ne2 Rac8 21. Nf4 Ne4
22. Nd3 c5 23. dxc5 Ndxc5 24. Nxc5 Rxc5 25. Qd1 Rec8 26. Rxc5 Qxc5 27. Nd4 h6
28. Qg4 Nf6 29. Qf4 Qc4 30. b3 Qd3 31. Rf1 Ne4 32. Nf5 Rc2 33. Qe5 Qc3 34. Qe8+
Kh7 35. Ne7 Nf6 36. Qxf7 Rc1 37. Rxc1 Qxc1+ 38. Kh2 Qc7+ 39. g3 Qc2 40. Kg1 Qb1+
41. Kh2 Qc2 42. Kg2 Qe4+ 43. Kg1 Qb1+ 44. Kg2 Qe4+ 45. Kg1 Qb1+ 1/2-1/2

[Event "Titled Tue 20th May Early"]
[Site "chess.com INT"]
[Date "2025.05.20"]
[Round "5"]
[White "Guliev, Gasan"]
[Black "Kaminska, Zuzanna"]
[Result "1-0"]
[WhiteTitle "CM"]
[BlackTitle "WCM"]
[WhiteElo "2123"]
[BlackElo "1900"]
[WhiteFideId "34165638"]
[BlackFideId "21067210"]
[EventDate "2025.05.20"]

1. c4 c5 2. Nf3 Nc6 3. Nc3 Nf6 4. e3 g6 5. b3 Bg7 6. Bb2 O-O 7. Rc1 b6 8. h4 Bb7
9. Qc2 Nb4 10. Qb1 d5 11. cxd5 Nbxd5 12. Bc4 e6 13. h5 a6 14. hxg6 hxg6 15. Ng5
Nxc3 16. Bxc3 Bxg2 17. Rg1 Bd5 18. f4 b5 19. Be2 Rc8 20. Qd3 c4 21. Qd4 Nh5 22.
Qa7 Ra8 23. Qc5 Nf6 24. bxc4 Bxc4 25. Bxc4 Rc8 26. Qd4 Rxc4 27. Qxd8 Rxd8 28.
Ke2 Rdc8 29. Rb1 Nd5 30. Bxg7 Kxg7 31. Nf3 Rc2 32. Rb3 Rxa2 33. Ne5 Rcc2 34. Rd3
b4 35. f5 exf5 36. Rxd5 b3 37. Rd7 b2 38. Rxf7+ Kh6 39. Rxg6+ Kh5 40. Rh7# 1-0

[Event "Titled Tue 20th May Early"]
[Site "chess.com INT"]
[Date "2025.05.20"]
[Round "5"]
[White "Porozhnyak, Maya"]
[Black "Shevchenko, Yaroslav"]
[Result "0-1"]
[WhiteTitle "WCM"]
[WhiteElo "1974"]
[BlackElo "2137"]
[WhiteFideId "34115843"]
[BlackFideId "34144684"]
[EventDate "2025.05.20"]

1. e4 e6 2. d4 d5 3. exd5 exd5 4. Bd3 Nc6 5. c3 Bd6 6. Qf3 Nge7 7. Ne2 h5 8. h3
Be6 9. Bf4 h4 10. Nd2 Qd7 11. Bxd6 Qxd6 12. O-O-O O-O-O 13. Nb3 Kb8 14. Rhe1 f6
15. Nc5 Bf7 16. Nf4 Rde8 17. Rd2 b6 18. Na6+ Kb7 19. Bb5 g5 20. Nd3 Bh5 21. g4
hxg3 22. Qxg3 Nf5 23. Qg1 Rxe1+ 24. Qxe1 Ncxd4 25. cxd4 Nxd4 26. a4 c6 27. Ndb4
Nb3+ 28. Kc2 Nxd2 29. Qxd2 cxb5 30. axb5 Rc8+ 31. Kb3 d4 32. Ka3 d3 33. Qxd3
Qxd3+ 34. Nxd3 Be2 35. Ne1 Bxb5 36. Nb4 Bf1 37. Nd5 Rc6 38. Nf3 Bg2 39. Ne7 Bxf3
40. Nxc6 Kxc6 41. Kb3 Bg2 42. Kc3 Bxh3 43. Kd3 Bf5+ 44. Kd4 a5 45. b3 b5 46. Kc3
Kc5 47. f3 b4+ 48. Kd2 Be6 49. Kc2 f5 50. Kd2 g4 51. fxg4 fxg4 52. Ke3 Bxb3 53.
Kf4 Bc4 0-1

[Event "Titled Tue 20th May Early"]
[Site "chess.com INT"]
[Date "2025.05.20"]
[Round "5"]
[White "Laddha, Shubh Jayesh"]
[Black "Ermolaev, Evgeny"]
[Result "1-0"]
[WhiteTitle "FM"]
[BlackTitle "FM"]
[WhiteElo "2303"]
[BlackElo "2282"]
[WhiteFideId "30942799"]
[BlackFideId "24103195"]
[EventDate "2025.05.20"]

1. e4 c5 2. Nf3 a6 3. g3 Nc6 4. Bg2 Nf6 5. Nc3 e5 6. O-O d6 7. d3 Be7 8. Nd2 O-O
9. Nc4 Bg4 10. f3 Be6 11. Ne3 b5 12. f4 b4 13. Ncd5 Nd4 14. c3 bxc3 15. bxc3 Nb5
16. Bd2 Nc7 17. fxe5 dxe5 18. c4 a5 19. Bc3 Nd7 20. Qh5 f6 21. Bh3 Bf7 22. Qe2
Ne6 23. Nf5 Nd4 24. Nfxe7+ Kh8 25. Bxd4 cxd4 26. Nf5 Nc5 27. Rab1 Rb8 28. Rb5
Na4 29. Qc2 Bxd5 30. Rxd5 Qe8 31. Nd6 Qc6 32. Nb5 Nc5 33. Rd6 Qe8 34. Bf5 Qh5
35. Qd1 g6 36. Qxh5 gxh5 37. Rc6 Nxd3 38. Rc7 Kg8 39. Bxh7+ Kh8 40. Bf5 Rfe8 41.
Nd6 Kg8 42. Nxe8 Rxe8 43. Bh7+ Kh8 44. Bg6 Rf8 45. Rb1 Nb4 46. a3 Nc2 47. Rbb7
Rd8 48. Rh7+ Kg8 49. Rbg7+ Kf8 50. Bf5 d3 51. Be6 1-0

[Event "Titled Tue 20th May Early"]
[Site "chess.com INT"]
[Date "2025.05.20"]
[Round "5"]
[White "Grot, Blazej"]
[Black "Ramsdal, Jens Albert"]
[Result "1-0"]
[WhiteTitle "CM"]
[BlackTitle "FM"]
[WhiteElo "2217"]
[BlackElo "2351"]
[WhiteFideId "21835845"]
[BlackFideId "1429221"]
[EventDate "2025.05.20"]

1. Nf3 Nf6 2. d4 c5 3. c3 cxd4 4. cxd4 d5 5. Nc3 Nc6 6. Bf4 a6 7. e3 Bf5 8. h3
h6 9. Bd3 Bxd3 10. Qxd3 e6 11. O-O Be7 12. Rfc1 O-O 13. Na4 Nd7 14. b3 Rc8 15.
Qd2 Ba3 16. Rc2 Na7 17. Rxc8 Qxc8 18. Ne1 Qc6 19. Nc2 Be7 20. Nb4 Qb5 21. Nd3
Rc8 22. Nab2 Ba3 23. Rc1 Rxc1+ 24. Qxc1 Qxd3 25. Nxd3 Bxc1 26. Nxc1 Kf8 27. Kf1
Ke7 28. Ke1 Nf6 29. f3 Kd7 30. Nd3 Ne8 31. Kd2 f6 32. Nc5+ Ke7 33. Nxb7 g5 34.
Bh2 h5 35. Nc5 a5 36. Nb7 Nc6 37. a3 e5 38. dxe5 fxe5 39. Nc5 Nd6 40. Nd3 Ke6
41. a4 Nf5 42. g4 Nh4 43. Ke2 hxg4 44. hxg4 Ng6 45. Nc5+ Kd6 46. Nd3 Ke6 47. Bg3
Kd6 48. Be1 1-0

[Event "Titled Tue 20th May Early"]
[Site "chess.com INT"]
[Date "2025.05.20"]
[Round "5"]
[White "Dorrance, Adam"]
[Black "Nakonechnyi, Oleksii"]
[Result "1-0"]
[WhiteTitle "FM"]
[WhiteElo "2301"]
[BlackElo "2224"]
[WhiteFideId "2618567"]
[BlackFideId "34173714"]
[EventDate "2025.05.20"]

1. c4 c5 2. Nc3 Nc6 3. Nf3 Nf6 4. e3 e5 5. d4 cxd4 6. exd4 exd4 7. Nxd4 Bb4 8.
Be2 O-O 9. O-O Qa5 10. Ncb5 a6 11. Nb3 Qd8 12. Nd6 Qe7 13. c5 Ne4 14. Nxe4 Qxe4
15. a3 Ba5 16. Nxa5 Nxa5 17. b4 Nc6 18. Bf3 Qe5 19. Be3 d5 20. cxd6 Rd8 21. Bc5
Bf5 22. Re1 Qf6 23. Qd5 Be6 24. Qe4 Rd7 25. Rad1 h6 26. Qe3 Rad8 27. a4 Bc4 28.
Rc1 Be6 29. b5 axb5 30. axb5 Na5 31. Bb6 Ra8 32. Bc7 Nc4 33. Qc5 Nd2 34. Bxb7
Nb3 35. Qe3 Ra2 36. Bf3 Nxc1 37. Rxc1 Qb2 38. b6 Ra1 39. Rd1 Bb3 40. Re1 Rxe1+
41. Qxe1 Be6 42. h3 Qc2 43. Qb4 Qc1+ 44. Kh2 Kh7 45. b7 Rxc7 46. dxc7 Qxc7+ 47.
g3 Qb8 48. Qf4 1-0

[Event "Titled Tue 20th May Early"]
[Site "chess.com INT"]
[Date "2025.05.20"]
[Round "5"]
[White "Dragnev, Valentin"]
[Black "Jaskolka, Tomasz"]
[Result "1-0"]
[WhiteTitle "GM"]
[BlackTitle "CM"]
[WhiteElo "2540"]
[BlackElo "2200"]
[WhiteFideId "1634852"]
[BlackFideId "1170791"]
[EventDate "2025.05.20"]

1. e4 d6 2. d4 Nf6 3. f3 Nbd7 4. c4 e5 5. d5 Nxe4 6. fxe4 Qh4+ 7. Kd2 Nc5 8. Nc3
Nxe4+ 9. Nxe4 Qxe4 10. Qf3 Qd4+ 11. Bd3 Be7 12. Ne2 Qc5 13. Ng3 b5 14. cxb5 Bg5+
15. Ke2 Qb4 16. Ne4 Bxc1 17. Raxc1 Qxb2+ 18. Rc2 Qd4 19. Rd1 O-O 20. Nf6+ Kh8
21. Qe4 Qxe4+ 22. Nxe4 Bg4+ 23. Ke1 Bxd1 24. Kxd1 f5 25. Ng5 e4 26. Be2 Rac8 27.
Ne6 Rf7 28. Rc6 f4 29. Ra6 f3 30. gxf3 exf3 31. Bf1 Rf5 32. Rxa7 Rxd5+ 33. Kc2
g5 34. a4 g4 35. a5 Re8 36. Nxc7 Re2+ 37. Bxe2 fxe2 38. Ra8+ Kg7 39. Re8 Rc5+
40. Kd3 Rxc7 41. Rxe2 Rc5 42. Rb2 Kf6 43. b6 Rxa5 44. b7 Ra3+ 45. Kd2 Rh3 46.
b8=Q Rxh2+ 47. Kd3 Rh3+ 48. Kd4 Kg5 49. Qd8+ Kh5 50. Rb5+ Kg6 51. Qg5+ Kf7 52.
Rb7+ Ke6 53. Re7# 1-0